Software engineering: A practitioner's approach (Record no. 107812)

MARC details
000 -LEADER
fixed length control field 00407nam a2200157Ia 4500
008 - FIXED-LENGTH DATA ELEMENTS--GENERAL INFORMATION
fixed length control field 230917s9999||||xx |||||||||||||| ||und||
040 ## - CATALOGING SOURCE
-- 85808
Original cataloging agency VIVEKANANDA LIBRARY
041 ## - Language
-- English
082 ## - DDC NUMBER
Classification number 005.1 P926S(8)
100 ## - MAIN ENTRY--PERSONAL NAME
Personal name Pressman, Roger S
245 #0 - TITLE STATEMENT
Title Software engineering: A practitioner's approach
250 ## - EDITION STATEMENT
Edition statement 8th ed.
260 ## - PUBLICATION, DISTRIBUTION, ETC. (IMPRINT)
Place of publication, distribution, etc Boston
Name of publisher, distributor, etc McGraw-Hill
Date of publication, distribution, etc 2001
300 ## - PHYSICAL DESCRIPTION
Pages xxviii, 860 p.
942 ## - ADDED ENTRY ELEMENTS (KOHA)
Koha item type Books
Holdings
Withdrawn status Lost status Damaged status Not for loan Location (home branch) Sublocation or collection (holding branch) Shelving location Date acquired Koha issues (times borrowed) Koha full call number Accession No. Koha date last seen Koha item type
        VIVEKANANDA LIBRARY VIVEKANANDA LIBRARY IMSAR Library 11/02/2003   005.1 P926S(8) 194025 17/09/2023 Books
        VIVEKANANDA LIBRARY VIVEKANANDA LIBRARY IMSAR Library 11/02/2003   005.1 P926S(8) 194026 17/09/2023 Books
        VIVEKANANDA LIBRARY VIVEKANANDA LIBRARY UIET Library 11/02/2003 3 005.1 P926S(8) 195376 09/10/2024 Books
        VIVEKANANDA LIBRARY VIVEKANANDA LIBRARY IMSAR Library 11/02/2003   005.1 P926S(8) 205207 17/09/2023 Books
        VIVEKANANDA LIBRARY VIVEKANANDA LIBRARY   11/02/2003 1 005.1 P926S(8) 206048 22/02/2025 Books
        VIVEKANANDA LIBRARY VIVEKANANDA LIBRARY UIET Library 11/02/2003   005.1 P926S(8) 206049 17/09/2023 Books
        VIVEKANANDA LIBRARY VIVEKANANDA LIBRARY UIET Library 11/02/2003 2 005.1 P926S(8) 206050 08/04/2026 Books
        VIVEKANANDA LIBRARY VIVEKANANDA LIBRARY UIET Library 11/02/2003   005.1 P926S(8) 206051 17/09/2023 Books
        VIVEKANANDA LIBRARY VIVEKANANDA LIBRARY UIET Library 11/02/2003   005.1 P926S(8) 206052 17/09/2023 Books
        VIVEKANANDA LIBRARY VIVEKANANDA LIBRARY UIET Library 11/02/2003   005.1 P926S(8) 215646 17/09/2023 Books
        VIVEKANANDA LIBRARY VIVEKANANDA LIBRARY   11/02/2003   005.1 P926S(8) 215647 17/09/2023 Books
        VIVEKANANDA LIBRARY VIVEKANANDA LIBRARY UIET Library 11/02/2003 1 005.1 P926S(8) 215648 06/02/2025 Books
        VIVEKANANDA LIBRARY VIVEKANANDA LIBRARY   11/02/2003   005.1 P926S(8) 215649 17/09/2023 Books
        VIVEKANANDA LIBRARY VIVEKANANDA LIBRARY   11/02/2003 1 005.1 P926S(8) 215650 19/02/2024 Books
        VIVEKANANDA LIBRARY VIVEKANANDA LIBRARY UIET Library 11/02/2003   005.1 P926S(8) 215651 17/09/2023 Books
        VIVEKANANDA LIBRARY VIVEKANANDA LIBRARY   11/02/2003   005.1 P926S(8) 215652 17/09/2023 Books
        VIVEKANANDA LIBRARY VIVEKANANDA LIBRARY   11/02/2003   005.1 P926S(8) 215653 17/09/2023 Books
        VIVEKANANDA LIBRARY VIVEKANANDA LIBRARY UIET Library 11/02/2003   005.1 P926S(8) 215654 17/09/2023 Books
        VIVEKANANDA LIBRARY VIVEKANANDA LIBRARY   11/02/2003   005.1 P926S(8) 215655 17/09/2023 Books
© Designed and Maintained by Vivekananda Library, MDU Rohtak